Bordism of diffeomorphisms and related topics

Αποθηκεύτηκε σε:
Λεπτομέρειες βιβλιογραφικής εγγραφής
Κύριος συγγραφέας: Kreck, Matthias
Μορφή: Βιβλίο
Γλώσσα:English
Δημοσίευση: Berlin : Springer-Verlag, 1984
Σειρά:Lecture notes in mathematics (Springer-Verlag) ; 1069
Θέματα:
Ετικέτες: Προσθήκη ετικέτας
Δεν υπάρχουν, Καταχωρήστε ετικέτα πρώτοι!

MARC

LEADER 00000nam a2200000 i 4500
001 1/61624
008 941103s1984 eng d
020 |a 3-540-13362-3 
035 |a 1993  |l 10046468 
040 |a GR-MY-UA  |b gre  |e aacr 
041 0 |a eng 
082 0 |a 514.72 
100 1 |a Kreck, Matthias. 
245 1 0 |a Bordism of diffeomorphisms and related topics /  |c Matthias Kreck ; with an appendix by Neal W. Stoltzfus 
260 |a Berlin :   |b Springer-Verlag,   |c 1984 
300 |a 144 p.;  |c 25 cm. 
490 1 |a Lecture notes in mathematics (Springer-Verlag)  |v ; 1069 
500 |a Includes bibliographical references and index 
650 0 0 |a Diffeomorphisms. 
650 0 0 |a Cobordism theory. 
830 0 |a Lecture notes in mathematics (Springer-Verlag)  |v ; 1069 
852 |a INST  |b SAMOS  |e 19941103  |h 514.72 KRE  |p 005300007028  |q 005300007028  |t BK  |y 0 
909 |a Σ  |b 028968